000 00797cam a22002412 4500
001 0000023367
005 20151021151144.0
008 121119s xx 000 0 eng d
020 _a8131504918 :
040 _aKABU
_cKABU
050 0 _aHG4026
_b.B75 2005
100 1 _aBrigham, Eugene F.
_@0000152563
245 1 0 _aFinancial management :
_btext and cases /
_cEugene F. Brigham, Michael C. Ehrhardt.
250 _aIndian ed.
260 _aNew Delhi :
_bCengage,
_c2005.
300 _a802 p.
650 0 _aCorporations
_xFinance.
_@0000007704
700 1 _aEhrhardt, Michael C.
_@0000152567
852 1 _9p1280 KES
852 1 _9p1280 KES
908 _a121119
950 _@1
999 _c1303
_d1303